Motivar para el aprendizaje: teoría y estrategias
Gardado en:
| Autor Principal: | |
|---|---|
| Formato: | Libro |
| Idioma: | Lingua castelá |
| Publicado: |
Barcelona
Edebé
1997
|
| Series: | Colección Innova, 1
|
| Subjects: | |
| Tags: |
Engadir etiqueta
Sen Etiquetas, Sexa o primeiro en etiquetar este rexistro!
|
MARC
| LEADER | 00000nam a2200000 a 4500 | ||
|---|---|---|---|
| 001 | UCO9477 | ||
| 003 | CL-VaPUC | ||
| 008 | 010302e19970000SP |||||||||||||||||spa|d | ||
| 020 | |a 8423643468 | ||
| 082 | 0 | 4 | |a 370.154 |b ALO |2 21 |
| 100 | 0 | |a Alonso Tapia, Jesús |e author |9 454661 | |
| 245 | 1 | 0 | |a Motivar para el aprendizaje: teoría y estrategias |
| 300 | |a 167 p | ||
| 942 | |c BK | ||
| 945 | |d 20010302 00:00:00 |a cmena | ||
| 260 | |a Barcelona |b Edebé |c 1997 | ||
| 650 | 0 | |a Motivación |9 315362 | |
| 650 | 0 | |a Psicología del aprendizaje |9 306854 | |
| 650 | 0 | |a Métodos de enseñanza |9 270413 | |
| 650 | 0 | |a Psicología del desarrollo |9 307541 | |
| 583 | |a last modification |c 20010302 00:00:00 |k Rodrigo Vera | ||
| 490 | 0 | |a Colección Innova, 1 | |
| 999 | |c 293683 |d 293681 | ||
| 952 | |0 0 |1 0 |4 0 |6 370_154000000000000_ALO_1997 |7 0 |8 A |9 345372 |a BIBEDU |b BIBEDU |d 2019-11-20 |i 3694305 |o 370.154 ALO 1997 |p 3694305 |r 2019-11-20 |w 2019-11-20 |y BK |k BME | ||